| 000 | 00524nam a2200181Ia 4500 | ||
|---|---|---|---|
| 001 | 64074 | ||
| 008 | 191127n2017 ii |||gr||||Z||||||465 | ||
| 020 | _a978-81-203-4222-4 | ||
| 082 | _a515.35 | ||
| 100 |
_aRao, K. Sankara, _eAuthor. |
||
| 245 | 0 |
_aIntroduction to Partial Differential Equations / _cBy K.Sankara Rao _hTextual Documents |
|
| 250 | _a3rd ed. | ||
| 260 |
_aNew Delhi _bPHI Learning Private Limited _c2017 |
||
| 300 |
_apg488: _c23cm. |
||
| 653 | _aMathematics | ||
| 653 | _aG- Mathematics | ||
| 942 |
_2ddc _cBK |
||
| 999 |
_c65174 _d65174 |
||